00570nam a22001697a 450000500170000001000150001702000260003203500140005803700130007208200130008510000190009824501110011726000440022827000750027230000310034750000220037820181113160526.0 aENG-124496 a9789383723201c695.00 aEN-108028 bDBAD/PUB a954.0841 aDesai, Mahadev aThe story of bardoli:cby Mahadev Desaibbeing a history of the bardoli satyagraha of 1928 and its sequel/ aDelhibLG Publishers Distributorsc2017 a49, Gali No.14, Pratap Nagar, Mayur Vihar, Phase I, bDelhi e110091 aviii, 249p.c21cm(Hb)bmap aIt includes index